| 000 | 02767nam a2200265 4500 | ||
|---|---|---|---|
| 008 | 090622s2006 enkab b 001 0 eng d | ||
| 020 | _a052181605X :USD166.35/gift: Eugene & Anita Choi | ||
| 020 | _a9780521816052 | ||
| 090 |
_aBR145.3 _bC14 _bv.VII |
||
| 245 | 0 | 0 |
_aEnlightenment, reawakening, and revolution, 1660-1815 / _ceditors, Stewart J. Brown and Timothy Tackett. |
| 260 |
_aCambridge, UK ; _aNew York : _bCambridge University Press, _c2006. |
||
| 300 |
_axiv, 678 p. : _bill., maps ; _c24 cm. |
||
| 490 | 1 |
_aThe Cambridge history of Christianity ; _vv. 7 |
|
| 504 | _aIncludes bibliographical references (p. 603-651) and index. | ||
| 505 | 0 | _aChristianity and the rise of science, 1660-1815 / Louis Chãatellier -- Enlightenment critique of Christianity / Margaret C. Jacob -- Christian Enlightenment / Helena Rosenblatt -- Jansenism and the international suppression of the Jesuits / Dale K. van Kley -- Evangelical awakenings in the North Atlantic world / W.R. Ward -- Toleration and movements of Christian reunion, 1660-1789 / James E. Bradley -- Christianity in Iberian America / James D. Riley -- British and French North America to 1765 / Mark A. Noll -- Christianity in Africa / Lamin Sanneh -- Christianity in south and south-east Asia / Charles J. Borges -- Christianity in East Asia / R.G. Tiedemann -- Christian encounters with other world religions / Andrew C. Ross -- The American Revolution and religion, 1765-1815 / Martin E. Marty -- Christianity and the campaign against slavery and the slave trade / Christopher Leslie Brown -- The French Revolution and religion to 1794 / Timothy Tackett -- The French Revolution and religion, 1795-1815 / Suzanne Desan -- Movements of Christian awakening in revolutionary Europe, 1790-1815 / Stewart J. Brown. | |
| 505 | 0 | _aContinental Catholic Europe / Nigel Aston -- Continental Protestant Europe / Hartmut Lehmann -- Great Britain and Ireland / J.C.D. Clark -- The church in economy and society / Philip T. Hoffman -- Catholic clergy in Europe / Mario Rosa -- Protestant clergies in the European world / Andrew R. Holmes -- Reaching audiences : sermons and oratory in Europe / Joris van Eijnatten -- Christian education / Dominique Julia -- Christianity and gender / Merry Wiesner-Hanks -- Popular religion / Willem Frijhoff -- Jewish-Christian relations / Frances Malino -- Architecture and Christianity / Jean-Michel Leniaud -- | |
| 650 | 4 |
_aChurch history _y17th century. |
|
| 650 | 4 |
_aChurch history _y18th century. |
|
| 650 | 4 |
_aChurch history _y19th century. |
|
| 650 | 4 | _aEnlightenment. | |
| 700 | 1 |
_aBrown, Stewart J. _q(Stewart Jay), _d1951- |
|
| 700 | 1 |
_aTackett, Timothy, _d1945- |
|
| 951 |
_p33015 _x00037866 _oREFBR145.3/C14/v.VII _j090622142416625 _d2000-12-21 _cREF |
||
| 999 |
_c33409 _d33409 |
||